[Event "Prague Summer op-B 8th"]
[Site "Prague"]
[Date "2021.08.06"]
[Round "1"]
[White "Mihal, Sergej"]
[Black "Kosar, Milan"]
[Result "1-0"]
[WhiteElo "1877"]
[BlackElo "1516"]
[PlyCount "125"]
[EventDate "2021.08.06"]
[EventType "swiss"]
[EventRounds "9"]
[EventCountry "CZE"]
[SourceTitle "EXT 2022"]
[Source "ChessBase"]
[SourceDate "2021.10.06"]
[SourceVersion "1"]
[SourceVersionDate "2021.10.06"]
[SourceQuality "1"]

1. e4 c5 2. Nf3 Nc6 3. c3 d5 4. e5 Qc7 5. d4 cxd4 6. cxd4 e6 7. Nc3 Bb4 8. Bd3 Nge7 9. 0-0 0-0 10. Bxh7+ Kxh7 11. Ng5+ Kg8 12. Qh5 Rd8 13. Qxf7+ Kh8 14. Rd1 Qd7 15. Qh5+ Kg8 16. g4 Qe8 17. Qh7+ Kf8 18. Rd3 Qg6 19. Qh8+ Ng8 20. Rf3+ Ke8 21. Qxg8+ Kd7 22. Qf7+ Qxf7 23. Rxf7+ Be7 24. Be3 Rg8 25. Ne2 b6 26. Rc1 Bb7 27. Kg2 Rac8 28. Bd2 Ba6 29. Ng3 Ke8 30. Rf3 Nxd4 31. Rxc8+ Bxc8 32. Rc3 Kd7 33. Nf3 Nxf3 34. Kxf3 Rf8+ 35. Kg2 Bb7 36. Rd3 Bh4 37. f4 Bxg3 38. Kxg3 g6 39. h3 Rh8 40. Ra3 a6 41. Rb3 b5 42. a4 Bc6 43. axb5 Bxb5 44. Rc3 Bc6 45. Be3 Rh7 46. Bc5 Bb5 47. b4 Bf1 48. Kh2 Bc4 49. Bd6 Rh8 50. Rc1 Ke8 51. Kg3 Kd7 52. Rh1 Ke8 53. h4 Be2 54. Rh2 Bc4 55. Bc5 Kf7 56. h5 gxh5 57. f5 exf5 58. gxf5 Rg8+ 59. Kh4 Bd3 60. Rf2 Rg1 61. e6+ Kf6 62. Bd4+ Ke7 63. f6+ 1-0

[Event "Prague Summer op-B 2nd"]
[Site "Prague"]
[Date "2015.08.12"]
[Round "7"]
[White "Mihal, Sergej"]
[Black "Nehyba, Martin"]
[Result "0-1"]
[WhiteElo "1825"]
[BlackElo "1799"]
[PlyCount "86"]
[EventDate "2015.08.07"]
[EventType "swiss"]
[EventRounds "9"]
[EventCountry "CZE"]
[SourceTitle "EXT 2017"]
[Source "ChessBase"]
[SourceDate "2016.10.25"]
[SourceVersion "1"]
[SourceVersionDate "2016.10.25"]
[SourceQuality "1"]

1. e4 e5 2. Nf3 Nf6 3. Nc3 d6 4. d4 exd4 5. Nxd4 Nc6 6. Bb5 Bd7 7. Nxc6 Bxc6 8. Bxc6+ bxc6 9. 0-0 Be7 10. Re1 0-0 11. Bg5 Re8 12. Qd2 h6 13. Bxf6 Bxf6 14. Rad1 Rb8 15. b3 Qe7 16. f3 Be5 17. Ne2 c5 18. f4 Bf6 19. Ng3 Bd4+ 20. Kh1 Qf6 21. e5 dxe5 22. Ne4 Qf5 23. c3 exf4 24. cxd4 Rxe4 25. Rxe4 Qxe4 26. dxc5 f3 27. Qf2 fxg2+ 28. Qxg2 Qxg2+ 29. Kxg2 Rb5 30. Rd8+ Kh7 31. Ra8 a5 32. c6 Rc5 33. Kg3 g5 34. Ra7 Rxc6 35. Rxa5 Kg6 36. b4 f5 37. b5 f4+ 38. Kg2 Rc2+ 39. Kg1 Kh5 40. Ra6 Kg4 41. a4 h5 42. a5 Rb2 43. b6 Kf3 0-1

[Event "Ricany op"]
[Site "Ricany"]
[Date "2013.08.29"]
[Round "7"]
[White "Sadil, Jan"]
[Black "Mihal, Sergej"]
[Result "1/2-1/2"]
[WhiteElo "1630"]
[BlackElo "1771"]
[PlyCount "123"]
[EventDate "2013.08.24"]
[EventType "swiss"]
[EventRounds "9"]
[EventCountry "CZE"]
[SourceTitle "EXT 2022"]
[Source "ChessBase"]
[SourceDate "2021.10.06"]
[SourceVersion "1"]
[SourceVersionDate "2021.10.06"]
[SourceQuality "1"]

1. d4 f5 2. Nf3 Nf6 3. c4 e6 4. Nc3 Be7 5. g3 0-0 6. Bg2 d5 7. cxd5 exd5 8. 0-0 c6 9. Ne5 Be6 10. a3 Nbd7 11. Nd3 Bd6 12. b4 Ne4 13. Qc2 Nb6 14. Nc5 Bc8 15. N3xe4 fxe4 16. Qb3 Kh8 17. Bb2 Nc4 18. Nxe4 Bc7 19. Bc3 Qe7 20. e3 Bf5 21. Nd2 Bd3 22. Rfe1 Qf6 23. f3 Nd6 24. Bf1 Bg6 25. Bb2 Rae8 26. a4 h5 27. Bd3 Nf5 28. Bxf5 Bxf5 29. Kg2 h4 30. b5 g5 31. Rf1 Qh6 32. g4 h3+ 33. Kg1 Qd6 34. Rf2 Bxg4 35. Ba3 Qd7 36. Bxf8 Rxf8 37. Raf1 Bh5 38. Qd1 g4 39. fxg4 Rxf2 40. Rxf2 Bxg4 41. Qf1 Qe6 42. Rf7 Ba5 43. Nb3 Bb4 44. Qf6+ Qxf6 45. Rxf6 cxb5 46. axb5 Kg7 47. Rf4 Bd7 48. Nc5 Bc8 49. Kf2 b6 50. Nd3 Bd6 51. Ne5 a5 52. bxa6 Bxa6 53. Rg4+ Kh7 54. Rh4+ Kg7 55. Rxh3 b5 56. Rg3+ Kf8 57. h4 b4 58. h5 b3 59. e4 Bxe5 60. dxe5 Bc4 61. exd5 Bxd5 62. Rxb3 1/2-1/2